Луна - первая станция на пути в космос

Chi tiết về thư mục
Tác giả chính: Шаронов В. В. Всеволод Васильевич
Ngôn ngữ:Tiếng Nga
Được phát hành: Москва, Воениздат, 1964
Loạt:Научно-популярная библиотека
Những chủ đề:
Định dạng: Sách
KOHA link:https://koha.lib.tpu.ru/cgi-bin/koha/opac-detail.pl?biblionumber=209364

MARC

LEADER 00000nam0a2200000 4500
001 209364
005 20231031191734.0
035 |a (RuTPU)RU\TPU\book\228688 
090 |a 209364 
100 |a 20120211d1964 m y0rusy50 ca 
101 0 |a rus 
102 |a RU 
105 |a a z 000zy 
200 1 |a Луна - первая станция на пути в космос  |f В. В. Шаронов 
210 |a Москва  |c Воениздат  |d 1964 
215 |a 104 с.  |c ил. 
225 1 |a Научно-популярная библиотека 
610 1 |a Луна 
610 1 |a космические станции 
610 1 |a космос 
610 1 |a полеты 
675 |a 629.19  |v 3 
700 1 |a Шаронов  |b В. В.  |g Всеволод Васильевич 
801 1 |a RU  |b 63413507  |c 20120211 
801 2 |a RU  |b 63413507  |c 20120416  |g RCR 
942 |c BK